Un Año de realizaciones
Publicado:
San Jorge, núm. 73 (1r trimestre 1969), pàg 62 :
MARC
| LEADER | 00000nam a2200000Ia 4500 | ||
|---|---|---|---|
| 001 | |||
| 008 | 160829s9999 xx 000 0 cat d | ||
| 245 | |a Un Año de realizaciones | ||
| 260 | |a San Jorge, núm. 73 (1r trimestre 1969), pàg 62 | ||
| 650 | |a Instal·lacions esportives |x Mataró |9 40406 | ||
| 650 | |a Ensenyament |x Mataró |9 40407 | ||
| 650 | |a Carrers |x Mataró |9 40408 | ||
| 901 | |a Arxiu | ||
| 942 | |n 1 | ||
| 952 | |0 0 |1 0 |4 0 |7 1 |9 49668 |a Arxiu |b Arxiu |d 2016-12-01 |l 0 |r 2016-12-01 00:00:00 |w 2016-12-01 |y ARXIU | ||
| 999 | |c 53510 |d 53510 | ||